| 000 | 00556nam a2200217 a 4500 | ||
|---|---|---|---|
| 999 |
_c7596 _d7596 |
||
| 001 | 7596 | ||
| 003 | BD-JhCC | ||
| 005 | 20180212101627.0 | ||
| 008 | 180212s1971 i a|||| || | 000 0 eng d | ||
| 035 | _a(BD-JhCC)7596 | ||
| 040 |
_aBD-JhCC _dBD-JhCC |
||
| 041 | _aeng | ||
| 082 |
_a954.92 _bCHA 1971 |
||
| 100 | _aChandra, Prabodh | ||
| 245 |
_aBloodbath in Bangla desh / _cPrabodh Chandra, |
||
| 260 |
_aNew Delhi : _bAdarsh Publications, _c1971. |
||
| 300 |
_a296 p. : _bill. ; _c24 cm. |
||
| 650 | _aBangladesh | ||
| 942 |
_2ddc _cBK |
||